[Riadenie projektov informačných systémov]
Monografia Riadenie projektov informačných systémov poskytuje ucelený pohľad na problematiku riadenia projektov Informačných systémov (IS) z rôznych aspektov. Je vhodným pomocníkom pri zvyšovaní poznanía v oblasti riadenia projektov IS, pričom už predpokladá znalosti metód vývoja informačných systém...
Gespeichert in:
| 1. Verfasser: | |
|---|---|
| Format: | Buchkapitel |
| Sprache: | Slowakisch |
| Schlagworte: | |
| Tags: |
Keine Tags, Fügen Sie das erste Tag hinzu!
|
MARC
| LEADER | 00000naa$a2200000$$$4500 | ||
|---|---|---|---|
| 001 | 0010994 | ||
| 005 | 20230808081458.5 | ||
| 041 | 0 | |a slo | |
| 044 | |a SK | ||
| 245 | 1 | 0 | |a [Riadenie projektov informačných systémov] |c rec. Vadim Bley |
| 520 | |a Monografia Riadenie projektov informačných systémov poskytuje ucelený pohľad na problematiku riadenia projektov Informačných systémov (IS) z rôznych aspektov. Je vhodným pomocníkom pri zvyšovaní poznanía v oblasti riadenia projektov IS, pričom už predpokladá znalosti metód vývoja informačných systémov. Obsahovo je text rozčlenený do ôsmich kapitol, ktoré na seba vhodne nadväzujú a vzájomne sa podmieňujú. V úvodnej časti sú vymedzené základné pojmy súvisiace s problematikou projektovania IS. Publikácia je výbornou učebnou pomôckou. | ||
| 610 | 2 | 0 | |a recenzie |
| 610 | 2 | 0 | |a systémy informačné |
| 610 | 2 | 0 | |a projekty |
| 610 | 2 | 0 | |a riadenie projektové |
| 100 | 1 | |a Bley, Vadim | |